[Event "IECC CL6-2003.08 email"]
[Site "IECC email"]
[Date "2003.04.02"]
[Round "?"]
[White "Popp, Tony"]
[Black "Nichols, Clarke T Jr"]
[Result "0-1"]
[WhiteElo "1272"]
[BlackElo "1300"]
[PlyCount "58"]
[EventDate "2003.??.??"]
[EventType "tourn (corr)"]
[EventRounds "4"]
[SourceTitle "Corr 2008"]
[Source "ChessBase"]
[SourceDate "2008.06.24"]
[SourceVersion "1"]
[SourceVersionDate "2008.06.24"]
[SourceQuality "1"]

1. f4 Nf6 2. b3 d5 3. Bb2 d4 4. g3 c5 5. Bg2 e6 6. Nf3 Be7 7. 0-0 Nc6 8. Ng5 Qc7 9. c3 h5 10. Nf3 e5 11. fxe5 Nxe5 12. cxd4 Nxf3+ 13. Bxf3 h4 14. g4 Bxg4 15. dxc5 Bxf3 16. Rxf3 Ng4 17. Rh3 Qxc5+ 18. e3 Qg5 19. Kf1 Bd6 20. Qe2 Qf5+ 21. Ke1 Kf8 22. Ba3 Bxa3 23. Nxa3 Ne5 24. Qg2 g5 25. e4 Qf4 26. Rc3 h3 27. Qe2 g4 28. Rg3 Nf3+ 29. Kd1 Nxh2 0-1

[Event "IECC P email"]
[Site "IECC email"]
[Date "2002.02.21"]
[Round "?"]
[White "Lyles, Gary"]
[Black "Nichols, Clarke T Jr"]
[Result "1-0"]
[WhiteElo "1384"]
[BlackElo "1257"]
[PlyCount "83"]
[EventDate "2002.??.??"]
[EventType "tourn (corr)"]
[EventRounds "6"]
[SourceTitle "Corr 2008"]
[Source "ChessBase"]
[SourceDate "2008.06.24"]
[SourceVersion "1"]
[SourceVersionDate "2008.06.24"]
[SourceQuality "1"]

1. Nf3 d5 2. c4 c6 3. b3 Nf6 4. Bb2 e6 5. g3 Nbd7 6. Bg2 Bd6 7. 0-0 0-0 8. d4 b6 9. Nbd2 Qc7 10. Qc2 Bb7 11. e4 dxe4 12. Ng5 e3 13. fxe3 Rfe8 14. Nde4 h6 15. Nxd6 Qxd6 16. Ne4 Nxe4 17. Qxe4 Nf6 18. Qh4 Qe7 19. Rf2 Nh7 20. Qxe7 Rxe7 21. e4 Rd8 22. Rd1 Nf6 23. Rfd2 Red7 24. d5 Ne8 25. dxc6 Bxc6 26. Rxd7 Rxd7 27. Rxd7 Bxd7 28. e5 g5 29. b4 Kg7 30. b5 Bc8 31. Bc6 Nc7 32. Ba3 a6 33. Bd6 axb5 34. Bxc7 bxc4 35. Bxb6 Ba6 36. Bd4 g4 37. Kf2 Kg6 38. a4 h5 39. Bb5 Bb7 40. Bxc4 Kg5 41. Bd3 Kh6 42. a5 1-0

[Event "IECC CL6-2002.03"]
[Site "IECC email"]
[Date "2002.01.30"]
[Round "?"]
[White "Parwicz, Witold"]
[Black "Nichols, Clarke T Jr"]
[Result "1-0"]
[WhiteElo "1436"]
[BlackElo "1252"]
[PlyCount "79"]
[EventDate "2002.??.??"]
[EventType "tourn (corr)"]
[EventRounds "4"]
[SourceTitle "Corr 2008"]
[Source "ChessBase"]
[SourceDate "2008.06.24"]
[SourceVersion "1"]
[SourceVersionDate "2008.06.24"]
[SourceQuality "1"]

1. d4 Nf6 2. c4 e6 3. Nc3 Bb4 4. Qc2 c5 5. dxc5 Bxc5 6. Nf3 Nc6 7. Bg5 Nd4 8. Nxd4 Bxd4 9. Nb5 Qa5+ 10. Bd2 Qb6 11. Nxd4 Qxd4 12. Rd1 Qb6 13. Bc3 d6 14. Qd3 Ke7 15. a3 Rd8 16. Bxf6+ gxf6 17. Rd2 h5 18. e4 Bd7 19. Be2 h4 20. 0-0 a5 21. Rb1 e5 22. Rbd1 Ba4 23. Rc1 Qb3 24. Rc3 Qb6 25. Bg4 Rg8 26. Qf3 Rad8 27. b3 Bc6 28. Rcd3 Qc5 29. a4 Rg5 30. Kf1 Rdg8 31. Rxd6 Qxd6 32. Rxd6 Kxd6 33. Qxf6+ Kc5 34. Qe7+ Kd4 35. Bf3 h3 36. g3 Kc3 37. Qa3 Kd4 38. b4 Bxe4 39. Be2 Bg2+ 40. Kg1 1-0

[Event "IECC CL6-2002.03"]
[Site "IECC email"]
[Date "2002.01.30"]
[Round "?"]
[White "Russo, Gigi"]
[Black "Nichols, Clarke T Jr"]
[Result "1-0"]
[WhiteElo "1232"]
[BlackElo "1277"]
[PlyCount "54"]
[EventDate "2002.??.??"]
[EventType "tourn (corr)"]
[EventRounds "4"]
[SourceTitle "Corr 2008"]
[Source "ChessBase"]
[SourceDate "2008.06.24"]
[SourceVersion "1"]
[SourceVersionDate "2008.06.24"]
[SourceQuality "1"]

1. e4 Nf6 2. e5 Nd5 3. d4 d6 4. c4 Nb6 5. f4 g6 6. Nc3 dxe5 7. fxe5 Bg7 8. c5 Nd5 9. Bc4 e6 10. Nf3 Nc6 11. Bg5 Qd7 12. 0-0 0-0 13. Ne4 f6 14. Bxd5 fxg5 15. Bxc6 Qxc6 16. Nfxg5 Qe8 17. Rxf8+ Qxf8 18. Qd2 Qe7 19. Rf1 Bd7 20. Nf6+ Bxf6 21. exf6 Qf8 22. f7+ Kg7 23. Qf4 h5 24. Qe5+ Kh6 25. Rf6 a5 26. Ne4 Kh7 27. Rxg6 Qxf7 1-0

[Event "IECC CL6-2001.12"]
[Site "IECC email"]
[Date "2001.03.30"]
[Round "?"]
[White "Hiaja, Herve"]
[Black "Nichols, Clarke T Jr"]
[Result "1-0"]
[WhiteElo "1321"]
[BlackElo "1282"]
[PlyCount "75"]
[EventDate "2001.??.??"]
[EventType "tourn (corr)"]
[EventRounds "4"]
[SourceTitle "Corr 2008"]
[Source "ChessBase"]
[SourceDate "2008.06.24"]
[SourceVersion "1"]
[SourceVersionDate "2008.06.24"]
[SourceQuality "1"]

1. e4 d6 2. d4 Nf6 3. Bd3 e6 4. c4 c5 5. d5 g6 6. Nc3 Bg7 7. f4 Qe7 8. Nf3 0-0 9. 0-0 Na6 10. a3 Nc7 11. Qe1 a5 12. Kh1 b6 13. Bd2 Bb7 14. h3 Rab8 15. g4 exd5 16. cxd5 Ncxd5 17. exd5 Qxe1 18. Raxe1 Nxd5 19. Nxd5 Bxd5 20. Bc3 Rfe8 21. Kg2 Bc6 22. Kf2 f6 23. h4 d5 24. f5 d4 25. Bd2 a4 26. fxg6 hxg6 27. Bxg6 Red8 28. Re7 Rb7 29. Rfe1 Kf8 30. Rxb7 Bxb7 31. Re6 Bc8 32. Rxb6 Bxg4 33. h5 Ke7 34. h6 Bh8 35. Nh4 Rd6 36. Rxd6 Kxd6 37. Bc2 Bd7 38. Ng6 1-0

[Event "IECC CL6-2001.12"]
[Site "IECC email"]
[Date "2001.03.30"]
[Round "?"]
[White "Nichols, Clarke T Jr"]
[Black "Sturge, Kevin"]
[Result "1-0"]
[WhiteElo "1280"]
[BlackElo "1215"]
[PlyCount "49"]
[EventDate "2001.??.??"]
[EventType "tourn (corr)"]
[EventRounds "4"]
[SourceTitle "Corr 2008"]
[Source "ChessBase"]
[SourceDate "2008.06.24"]
[SourceVersion "1"]
[SourceVersionDate "2008.06.24"]
[SourceQuality "1"]

1. d4 d5 2. c4 e6 3. Nc3 Nc6 4. cxd5 exd5 5. Nf3 Nf6 6. e3 Bb4 7. Be2 Ne4 8. Qc2 0-0 9. 0-0 Be6 10. a3 Bd6 11. Nxe4 dxe4 12. Qxe4 Qf6 13. d5 Bf5 14. Qh4 Qxh4 15. Nxh4 Ne7 16. Nxf5 Nxf5 17. Bg4 Nh4 18. Bd2 Rad8 19. g3 Ng6 20. Bc3 Be5 21. Bf3 Bxc3 22. bxc3 Ne5 23. Bg2 f5 24. Rfd1 Rf6 25. Rab1 1-0

[Event "IECC M email"]
[Site "IECC email"]
[Date "2001.01.06"]
[Round "?"]
[White "Van Duin, Hugo"]
[Black "Nichols, Clarke T Jr"]
[Result "1-0"]
[WhiteElo "1400"]
[BlackElo "1272"]
[PlyCount "49"]
[EventDate "2001.??.??"]
[EventType "tourn (corr)"]
[EventRounds "6"]
[SourceTitle "Corr 2008"]
[Source "ChessBase"]
[SourceDate "2008.06.24"]
[SourceVersion "1"]
[SourceVersionDate "2008.06.24"]
[SourceQuality "1"]

1. e4 Nf6 2. Nc3 e5 3. Nf3 d5 4. exd5 Nxd5 5. Nxe5 Nxc3 6. bxc3 Be6 7. Qf3 Qd5 8. Qxd5 Bxd5 9. Bc4 Bxc4 10. Nxc4 Nd7 11. d4 0-0-0 12. 0-0 h6 13. Re1 g5 14. f4 f6 15. Bd2 b6 16. a4 c5 17. Re6 Nb8 18. fxg5 fxg5 19. Rf1 Rh7 20. d5 Rhd7 21. Ne3 c4 22. Kh1 Rd6 23. Rxf8 Rxf8 24. Rxd6 Rf2 25. Kg1 1-0

[Event "IECC M email"]
[Site "IECC email"]
[Date "2000.05.23"]
[Round "?"]
[White "Shutov, Andry"]
[Black "Nichols, Clarke T Jr"]
[Result "1-0"]
[WhiteElo "1330"]
[BlackElo "1250"]
[PlyCount "57"]
[EventDate "2000.??.??"]
[EventType "tourn (corr)"]
[EventRounds "2"]
[SourceTitle "Corr 2008"]
[Source "ChessBase"]
[SourceDate "2008.06.24"]
[SourceVersion "1"]
[SourceVersionDate "2008.06.24"]
[SourceQuality "1"]

1. e4 e5 2. f4 exf4 3. Nf3 d6 4. d4 g5 5. h4 g4 6. Ng1 Bh6 7. Ne2 Qf6 8. Nbc3 Ne7 9. Qd2 Nbc6 10. g3 Bd7 11. gxf4 a6 12. Bg2 0-0-0 13. d5 Nb8 14. Qd3 Ng6 15. Qg3 Rde8 16. h5 Ne7 17. Be3 c5 18. Qf2 g3 19. Nxg3 Rhg8 20. e5 Qg7 21. Nge4 Qxg2 22. Nxd6+ Kd8 23. Nxf7+ Kc7 24. d6+ Kc8 25. Qxg2 Rxg2 26. dxe7 Reg8 27. Nxh6 R8g3 28. Nd5 Be8 29. Nf5 1-0